| 000 | 01902cam a22004334i 4500 | ||
|---|---|---|---|
| 003 | PE-LiUPU | ||
| 005 | 20250731173147.0 | ||
| 008 | 150623s2003 enk rb 000 0 eng d | ||
| 035 | _a(Sirsi) a28098 | ||
| 040 |
_aPE-LiUPU _bspa _cPE-LiUPU _erda |
||
| 049 | _aPRUA | ||
| 082 | 0 | 4 |
_a224.507 7 _bS39 _221 |
| 100 | 1 |
_aSeow, Choon Leong, _eautor. |
|
| 245 | 1 | 0 |
_aDaniel / _cChoon Leong Seow. |
| 264 | 1 |
_aLouisville, London : _bWestminster John Knox Press, _c2003. |
|
| 300 |
_a198 páginas ; _c23 centímetros |
||
| 336 |
_atext _2rdacontent |
||
| 337 |
_aunmediated _2rdamedia |
||
| 338 |
_avolume _2rdacarrier |
||
| 504 | _aIncluye bibliografía. | ||
| 505 | 0 | _aDaniel and his friends at the babylonian court -- Nebuchadnezza's dream -- The fiery furnace. The humbling of Nebuchadnezzar -- Belshazzar and the handwriting on the Wall -- Daniel in the Lions' Pit -- Monsters, Divine judgment, and the coming of a humanlike one -- The ram the goat, and the interpretation of Gabriel -- Daniel's prayer and the predicted end of desolation -- The final revelations: prolonge -- The final revelation: Back to the future -- The final revelation: postscript. | |
| 526 | _aSEG42 | ||
| 526 | _aSEG41 | ||
| 526 | _aSEG40 | ||
| 526 | _aSEG39 | ||
| 526 | _aP94 | ||
| 526 | _aP87 | ||
| 526 | _aP86 | ||
| 526 | _aP85 | ||
| 526 | _aP77 | ||
| 526 | _aP76 | ||
| 526 | _aP35 | ||
| 630 |
_aBiblia. _pA.T. _pDaniel _xComentrios. |
||
| 942 |
_2ddc _cBOOK |
||
| 949 |
_a224.507 7 S39 _wDEWEY _c1 _i53343 _lCCODEBUL1 _mBUL _p30.00 _r0 _sY _tBOOK _u2015-06-24 _xTEOLOGIA _PP35 _0COMPRA _o.STAFF. Colección General |
||
| 596 | _a1 | ||
| 999 |
_a224.507 7 S39 _wDEWEY _c35308 _i53343 _d35308 _e2016-11-7 _f2021-11-11 _g5 _lCCODEBUL1 _mBUL _n1 _p30.00 _q4 _r0 _sY _tBOOK _u2015-6-24 _xTEOLOGIA _PP35 _0COMPRA _o.STAFF. Colección Teología |
||
| 980 |
_81 _gALBERTO SANCHEZ Responsable de Automatización |
||